Hosa Kavya Hosa Dikku ಹೊಸ ಕಾವ್ಯ ಹೊಸ ದಿಕ್ಕು (Record no. 179943)
[ view plain ]
| 000 -LEADER | |
|---|---|
| fixed length control field | 00702nam a2200229Ia 4500 |
| 003 - CONTROL NUMBER IDENTIFIER | |
| control field | OSt |
| 005 - DATE AND TIME OF LATEST TRANSACTION | |
| control field | 20230202112203.0 |
| 008 - FIXED-LENGTH DATA ELEMENTS--GENERAL INFORMATION | |
| fixed length control field | 210707s1974 xx 000 0 und d |
| 040 ## - CATALOGING SOURCE | |
| Transcribing agency | AL |
| 041 ## - LANGUAGE CODE | |
| Language code of text/sound track or separate title | Kannada |
| 082 ## - DEWEY DECIMAL CLASSIFICATION NUMBER | |
| Classification number | K894.109 BUDH |
| 100 ## - MAIN ENTRY--PERSONAL NAME | |
| Personal name | Buddanna Hingamire ಬುದ್ದಣ್ಣ ಹಿಂಗಮಿರೆ |
| 9 (RLIN) | 70621 |
| 245 ## - TITLE STATEMENT | |
| Title | Hosa Kavya Hosa Dikku ಹೊಸ ಕಾವ್ಯ ಹೊಸ ದಿಕ್ಕು |
| 260 ## - PUBLICATION, DISTRIBUTION, ETC. | |
| Place of publication, distribution, etc. | Dharwar |
| Name of publisher, distributor, etc. | Yugavani Prakashana |
| Date of publication, distribution, etc. | 1976 |
| 300 ## - PHYSICAL DESCRIPTION | |
| Extent | 371 p. |
| Other physical details | HB |
| Dimensions | 21x14 cm. |
| 365 ## - TRADE PRICE | |
| Price amount | 8 |
| Currency code | INR |
| 563 ## - BINDING INFORMATION | |
| Binding note | PB |
| 650 ## - SUBJECT ADDED ENTRY--TOPICAL TERM | |
| Topical term or geographic name entry element | Kannada literature |
| 9 (RLIN) | 70622 |
| 650 ## - SUBJECT ADDED ENTRY--TOPICAL TERM | |
| Topical term or geographic name entry element | Kannada Poetry Criticism |
| 9 (RLIN) | 70623 |
| 700 ## - ADDED ENTRY--PERSONAL NAME | |
| Personal name | BUDDANNA HINGAMIRE |
| 9 (RLIN) | 70624 |
| 942 ## - ADDED ENTRY ELEMENTS (KOHA) | |
| Source of classification or shelving scheme | Dewey Decimal Classification |
| Koha item type | Book |
| Withdrawn status | Lost status | Source of classification or shelving scheme | Damaged status | Not for loan | Collection code | Home library | Current library | Date acquired | Cost, normal purchase price | Total Checkouts | Full call number | Barcode | Date last seen | Price effective from | Koha item type |
|---|---|---|---|---|---|---|---|---|---|---|---|---|---|---|---|
| Dewey Decimal Classification | Kannada | St Aloysius Library | St Aloysius Library | 02/03/2003 | 8.00 | K894.109 BUDH | BB03233 | 07/08/2021 | 07/08/2021 | Book Bank |